| 000 | 00883nam a22002775a 4500 | ||
|---|---|---|---|
| 008 | 080908t2010 maua|||frb||| 001 0 eng d | ||
| 020 | _a0321649362 | ||
| 020 | _a9780321649362 | ||
| 040 |
_aEG-ScBUE _beng _cEG-ScBUE |
||
| 082 | 0 | 4 |
_a332 _bMIS _222 |
| 100 |
_911855 _aMishkin, Frederic S. |
||
| 245 | 1 | 4 |
_aThe Economics of money, Banking, and financial markets / _cFrederic S. Mishkin. |
| 250 | _a9th ed., global ed. | ||
| 260 |
_aBoston : _bAddison Wesley, _cc. 2010 |
||
| 300 |
_a1v. : _bill. (col.) ; _c24 cm. |
||
| 490 | 0 | _aThe Addison-Wesley Series in Economics | |
| 500 | _aIndex. | ||
| 504 | _aIncludes bibliographical references . | ||
| 590 | _aMenna ELemam | ||
| 650 | 0 |
_aFinance. _911856 _2BUEsh |
|
| 650 | 0 |
_aMoney. _911857 _2BUEsh |
|
| 650 | 0 |
_aBanks and banking. _911858 _2BUEsh |
|
| 651 | _2BUEsh | ||
| 653 |
_bBUSECO _cAugust2015 |
||
| 942 |
_cNB _k332 MIS _2ddc |
||
| 999 |
_c13496 _d13496 |
||